Berlioz

Spremljeno u:
Bibliografski detalji
Glavni autor: Masson, Paul-Marie (autor)
Format: Knjiga
Jezik:španjolski
Izdano: Buenos Aires Tor 1946
Serija:Los Maestros de la Música
Teme:
Oznake: Dodaj oznaku
Bez oznaka, Budi prvi tko označuje ovaj zapis!

MARC

LEADER 00000nam a2200000 a 4500
001 UCN1212
003 CL-VaPUC
008 010420e19460000AG |||||||||||||||||spa|d
082 0 4 |a 780.92  |b MAS  |2 21 
100 |a Masson, Paul-Marie  |e autor  |9 456663 
245 1 0 |a Berlioz 
300 |a 186 p 
942 |c BK 
945 |d 20010420 00:00:00  |a crobeson 
260 |a Buenos Aires  |b Tor  |c 1946 
600 0 |a Berlioz, Hector Louis  |9 306282 
650 0 |a Compositores franceses  |9 328980 
650 0 |a Romanticismo en la música  |9 306753 
650 7 |a MUSICA SIGLO 19  |2 CL-VaPUC  |9 456664 
583 |a last modification  |c 20010420 00:00:00  |k Rodrigo Vera 
490 0 |a Los Maestros de la Música 
999 |c 294787  |d 294785 
952 |0 0  |1 0  |4 0  |6 780_920000000000000_MAS_1946  |7 0  |8 A  |9 347506  |a BIBEDU  |b BIBEDU  |d 2019-11-20  |i 1249339  |o 780.92 MAS 1946  |p 1249339  |r 2023-01-12  |w 2019-11-20  |y BK  |k MUS